00370nam a2200145Ia 4500003000400000005001700004008004100021040000900062082001800071100002100089245005400110260003900164300000900203650001200212OSt20201110100127.0190216s9999||||xx |||||||||||||| ||und|| coclc a808.89bKRI/A a Kritzeck, James 0aAnthology Of Islamic Literature /cJames Kritzeck bA Meridian Book,c1975.aNew york: a379p aHistory